| 000 | 00348nam a2200133Ia 4500 | ||
|---|---|---|---|
| 008 | 240624s9999 xx 000 0 und d | ||
| 041 | _aeng | ||
| 082 | _a303.6 AYO | ||
| 100 | _aAYOKO OLUREMI B | ||
| 245 | _aHANDBOOK OF CONFLICT MANAGEMENT RESEARCH | ||
| 260 |
_c2014 _aLondon _bEdward Elgar |
||
| 300 | _axxxi, 530 p.; 23 cm. | ||
| 365 |
_cBPS _b25 |
||
| 999 |
_c32008 _d32008 |
||